Control sanitario de los alimentos /
Guardado en:
| Autor Principal: | |
|---|---|
| Formato: | Libro |
| Publicado: |
Washington :
Organizacion Panamericana de la Salud,
1982
|
| Materias: | |
| Etiquetas: |
Agregar Etiqueta
Sin Etiquetas, Sea el primero en etiquetar este registro!
|
| LEADER | 00844nam a22002175a 4500 | ||
|---|---|---|---|
| 001 | CEM.cems016045 | ||
| 005 | 20091204161502.0 | ||
| 008 | 130507s1982##################000#0#####d | ||
| 003 | CEMS | ||
| 082 | 0 | 4 | |a 614.3 |
| 100 | 1 | |a Organización Panamericana de La Salud Washington | |
| 245 | 1 | 0 | |a Control sanitario de los alimentos / |c Organización Panamericana de La Salud Washington, |
| 260 | |a Washington : |b Organizacion Panamericana de la Salud, |c 1982 | ||
| 300 | |a 57 p. | ||
| 653 | |a Alimentos-control | ||
| 653 | |a Alimentos-sanidad | ||
| 653 | |a Bromatología | ||
| 859 | |a CEMS |b BIB. CEMS - Agricultura |h 614.3 |i Or14 |p A11431.82 |t Ej.1 | ||
| 859 | |a CEMS |b BIB. CEMS - Agricultura |h 614.3 |i Or14 |p A11432.82 |t Ej.2 | ||
| 859 | |a CEMS |b BIB. CEMS - Agricultura |h 614.3 |i Or14 |p A11433.82 |t Ej.3 | ||
| 859 | |a CEMS |b BIB. CEMS - Agricultura |h 614.3 |i Or14 |p A12095.83 |t Ej.4 | ||
